| 000 | 01060nam1a22002651i 4500 | ||
|---|---|---|---|
| 001 | rc\4474752 | ||
| 005 | 20260412030507.0 | ||
| 021 |
_aRU _b[58-38669] |
||
| 021 |
_aRU _b[57-60251] |
||
| 035 | _a(NLR Aleph) 008598426 | ||
| 090 |
_a8688441 _c8688441 |
||
| 100 | _a20130416g1957 |||y0rusy50 ca | ||
| 101 | 0 | _arus | |
| 102 | _aRU | ||
| 105 | _a z ||||| | ||
| 200 | 1 |
_aКрепление горных выработок угольных шахт _eСборник статей _f[Ред. коллегия: Г.Л. Лишин (отв. ред.) и др.] _gЦентрогипрошахтострой. Центрогипрошахт. Вып. 1- |
|
| 210 |
_aМосква _cУглетехиздат _d1957- |
||
| 215 | _d27 | ||
| 606 |
_aРудничное крепление _jСборники _2psbo |
||
| 702 | 1 |
_aЛишин _bГ.Л. _4340 |
|
| 712 | 0 | 2 |
_a"Центрогипрошахтострой", институт _cМосква _3RU\NLR\AUTH\8810012475 _9522764 |
| 801 | 0 |
_aRU _bNLR _gpsbo |
|
| 801 | 1 |
_aRU _bELAR _2rusmarc |
|
| 852 |
_aNLR _j57-7/2407 |
||
| 942 | _cBOOK | ||